Statistics for Tremors

Click here to take the quiz!

General Stats

  • This quiz has been taken 40 times
    (23 since last reset)
  • The average score is 13 of 19

Answer Stats

HintAnswer% Correct
How many creatures are there?four
95%
Where must Val, Earl, and Rhonda seek refuge from the night after discovering the creatures?rock
95%
What name does the store owner finally give to the creatures?Graboid
90%
What is Val and Earl's preferred mode of transportation?Truck
90%
In what state is #1 located?Nevada
80%
What town does the movie take place in?Perfection
80%
How do Burt and Heather kill the creature that breaks into their basement?shoot
80%
Where do the creatures normally reside?underground
80%
What mode of transportation does Mindy prefer?pogo
75%
What game do Val and Earl play to make decisions?Rock Paper Scissors
75%
What attracts Val and Earl to the doctor's buried station wagon?music
65%
What does Val yell at Earl in order to wake him?Stampede
65%
What machines must Rhonda tend as her university work?seismograph
55%
What overflowed and prompted Val and Earl to leave town for good?Septic
55%
What is the nickname Val and Earl of the creature with the broken tongue?Stumpy
55%
What does Rhonda use to distract the creature as Val tries to get to the bulldozer?water
55%
Who owns the general store in town?Chang
50%
Who do Val and Earl find on the tower?Edgar
35%
What town are Val and Earl headed to?Biggsby
15%

Score Distribution

Percentile by Number Answered

Percent of People with Each Score

Your Score History

You have not taken this quiz since the last reset